Giáo trình lí luận nhà nước và pháp luật

Сохранить в:
Библиографические подробности
Формат:
Опубликовано: 2006
Метки: Добавить метку
Нет меток, Требуется 1-ая метка записи!
Thư viện lưu trữ: Mạng thư viện Đại học Đà Nẵng
LEADER 00468nam a22001811a 4500
001 000039057
003 15352
005 20160412021912.0
008 160412s2006 000
082 |a 4V(TK)592 
245 |a Giáo trình lí luận nhà nước và pháp luật  |c Trường ĐH luật 
260 |c 2006 
OWN |a LNN 
999 |a From the UDN01 
TYP |a Monograph 
980 |a Mạng thư viện Đại học Đà Nẵng